[Event "Copa Internacional SP"]
[Site "São Paulo"]
[Date "2007.12.01"]
[Round "3"]
[White "Dias, Adriano"]
[Black "Rodrigues, Bruno"]
[Result "1-0"]
[WhiteElo "2098"]
[BlackElo "2042"]
[PlyCount "25"]
[EventDate "2007.11.29"]
[SourceDate "2007.11.30"]

1. d4 d5 2. Nf3 Nf6 3. Bg5 e6 4. Nbd2 Be7 5. e3 b6 6. Ne5 O-O 7. Bd3 h6 8. h4
Bb7 9. g4 hxg5 10. hxg5 Ne4 11. Qf3 f6 12. Bxe4 dxe4 13. Rh8+ 1-0

[Event "Copa Internacional SP"]
[Site "São Paulo"]
[Date "2007.12.01"]
[Round "3"]
[White "Gambarini, Victor"]
[Black "Barbosa, Fernando"]
[Result "0-1"]
[WhiteElo "2078"]
[BlackElo "2095"]
[PlyCount "86"]
[EventDate "2007.11.29"]
[SourceDate "2007.11.30"]

1. e4 e6 2. d4 d5 3. Nc3 Bb4 4. e5 c5 5. a3 Bxc3+ 6. bxc3 Qc7 7. Nf3 Nc6 8. Bd3
Nge7 9. O-O Bd7 10. Bd2 c4 11. Be2 f6 12. exf6 gxf6 13. Re1 O-O-O 14. Bf1 Ng6
15. Qc1 Rhg8 16. a4 e5 17. dxe5 fxe5 18. a5 Rdf8 19. Qd1 e4 20. Nd4 Nh4 21. Nb5
Qb8 22. Re3 Ne5 23. Nd4 Nef3+ 24. Nxf3 Nxf3+ 25. Rxf3 exf3 26. g3 Qe5 27. Be3
Kb8 28. Qd4 Qxd4 29. cxd4 Bf5 30. c3 Kc7 31. h4 Rg6 32. Kh2 Ra6 33. Bc1 Kc6 34.
Bb2 b6 35. axb6 Rxa1 36. Bxa1 Kxb6 37. Bh3 Bxh3 38. Kxh3 Kb5 39. Kg4 Ka4 40.
Kg5 Kb3 41. Kh6 Rf7 42. g4 Ka2 43. g5 Kxa1 0-1

[Event "Copa Internacional SP"]
[Site "São Paulo"]
[Date "2007.12.01"]
[Round "3"]
[White "Carvalho Jr, Celestino"]
[Black "Celkevicius, Andre"]
[Result "1-0"]
[WhiteElo "2009"]
[BlackElo "2001"]
[PlyCount "79"]
[EventDate "2007.11.29"]
[SourceDate "2007.11.30"]

1. e4 c5 2. Nf3 e6 3. g3 Nc6 4. d3 d6 5. Bg2 Nf6 6. O-O Be7 7. Re1 O-O 8. Nbd2
Qc7 9. Nf1 b6 10. h4 Bb7 11. N1h2 Rad8 12. Bg5 d5 13. e5 Ne8 14. Bf4 d4 15. Ng4
Qd7 16. Ng5 Nb4 17. Bh3 Qc6 18. Ne4 c4 19. Bg2 Qb5 20. Nef6+ Bxf6 21. Bxb7 Be7
22. a4 Qc5 23. Be4 Nc7 24. dxc4 Qxc4 25. Nf6+ Bxf6 26. exf6 Ncd5 27. Bxh7+ Kxh7
28. Qh5+ Kg8 29. fxg7 Kxg7 30. Bh6+ Kh8 31. Bxf8+ Kg8 32. Bh6 Qxc2 33. Qg5+ Qg6
34. Qxd8+ Kh7 35. Bd2 Nc2 36. Re5 Nf6 37. Rg5 Qh6 38. Qe7 Nxa1 39. Qxf7+ Kh8
40. Rg6 1-0

[Event "Copa Internacional SP"]
[Site "São Paulo"]
[Date "2007.12.01"]
[Round "3"]
[White "Aoyama, Edmundo"]
[Black "Herbst Nt, Eugenio"]
[Result "1/2-1/2"]
[WhiteElo "2040"]
[BlackElo "2101"]
[PlyCount "47"]
[EventDate "2007.11.29"]
[SourceDate "2007.11.30"]

1. d4 Nf6 2. Nf3 g6 3. g3 Bg7 4. Bg2 O-O 5. O-O d6 6. c4 Nbd7 7. Nc3 c6 8. e4
e5 9. dxe5 dxe5 10. Qc2 Qc7 11. h3 Nc5 12. Be3 Ne6 13. Rad1 Rd8 14. Rxd8+ Nxd8
15. Rd1 Be6 16. b3 Ne8 17. Qd2 f6 18. Na4 b6 19. Nc3 Bf8 20. Ne2 Nb7 21. Qc2
Rd8 22. Rxd8 Qxd8 23. Qd2 Qxd2 24. Nxd2 1/2-1/2

[Event "Copa Internacional SP"]
[Site "São Paulo"]
[Date "2007.12.01"]
[Round "3"]
[White "Reis, Alan"]
[Black "Silva, Diogo"]
[Result "1-0"]
[WhiteElo "2103"]
[BlackElo "1957"]
[PlyCount "101"]
[EventDate "2007.11.29"]
[SourceDate "2007.11.30"]

1. d4 d5 2. c4 e6 3. Nc3 Nf6 4. Nf3 c6 5. Bg5 Nbd7 6. e3 Bd6 7. Be2 O-O 8. O-O
dxc4 9. Bxc4 e5 10. Ne4 Be7 11. Ng3 exd4 12. Nxd4 Qa5 13. Ndf5 Bd8 14. Qb3 Nc5
15. Qc2 Ne6 16. Bxf6 Bxf6 17. Nh5 Qe5 18. Rab1 Nf4 19. Nxf6+ Qxf6 20. Ng3 Ne6
21. Rfd1 Nc7 22. Rd4 Be6 23. Bxe6 Nxe6 24. Rd7 Rfb8 25. Rbd1 b6 26. Qf5 Qxf5
27. Nxf5 Rd8 28. g3 Kf8 29. R1d6 c5 30. Rb7 Rxd6 31. Nxd6 Nd8 32. Rc7 f6 33. h4
a6 34. f4 Ne6 35. Rf7+ Kg8 36. Re7 Nf8 37. Nf5 g6 38. Nh6+ Kh8 39. e4 Rc8 40.
g4 g5 41. hxg5 Ng6 42. Rb7 fxg5 43. f5 Ne5 44. f6 b5 45. Re7 Ng6 46. Ra7 Ne5
47. Re7 Ng6 48. Nf7+ Kg8 49. Ra7 c4 50. Nxg5 Nf8 51. Rg7+ 1-0

[Event "Copa Internacional SP"]
[Site "São Paulo"]
[Date "2007.12.01"]
[Round "3"]
[White "Evangelista Jr, Ademar"]
[Black "Name, Gabriel"]
[Result "0-1"]
[WhiteElo "2047"]
[BlackElo "2289"]
[PlyCount "64"]
[EventDate "2007.11.29"]
[SourceDate "2007.11.30"]

1. e4 c5 2. Nf3 e6 3. d4 cxd4 4. Nxd4 d6 5. Nc3 Nc6 6. Be3 Nf6 7. Be2 Be7 8.
O-O O-O 9. Kh1 a6 10. a4 Bd7 11. f3 Rc8 12. Nb3 Na5 13. Nxa5 Qxa5 14. Rf2 Bc6
15. Qd2 Kh8 16. b4 Qc7 17. Bd3 Bd7 18. Ne2 d5 19. a5 dxe4 20. Bb6 Qd6 21. fxe4
Nxe4 22. Qf4 Nxf2+ 23. Qxf2 Bc6 24. Nd4 Bd5 25. Qe2 Qxb4 26. Qh5 h6 27. Nf5 Bg5
28. Ne3 Bc6 29. Ng4 Qc3 30. Rf1 Be8 31. Rf6 Qe1+ 32. Bg1 Qh4 0-1

[Event "Copa Internacional SP"]
[Site "São Paulo"]
[Date "2007.12.01"]
[Round "3"]
[White "Aragao Neto, Joao Batista"]
[Black "Graziano, Sergio Tadeu Gnone"]
[Result "1/2-1/2"]
[WhiteElo "2004"]
[BlackElo "2105"]
[PlyCount "87"]
[EventDate "2007.11.29"]
[SourceDate "2007.11.30"]

1. e4 d6 2. d4 Nf6 3. Nc3 c6 4. f4 Qa5 5. Bd3 Bg4 6. Nf3 e5 7. fxe5 dxe5 8.
dxe5 Nfd7 9. e6 fxe6 10. h3 Qh5 11. Bf4 Bc5 12. Rf1 Bxf3 13. Qxf3 Qxf3 14. Rxf3
O-O 15. Bc4 Rf6 16. O-O-O b5 17. Bxb8 bxc4 18. Rxd7 Rxf3 19. gxf3 Rxb8 20. Na4
Be3+ 21. Kd1 Rb4 22. b3 cxb3 23. axb3 Rd4+ 24. Rxd4 Bxd4 25. Ke2 Kf7 26. Kd3
Bf2 27. Kc4 Ke7 28. Nc5 Bg3 29. Nd3 Kd6 30. Kb4 Bh2 31. Ka5 Bg1 32. Ka6 Bd4 33.
c4 Kc7 34. c5 Kb8 35. b4 g5 36. Nc1 h5 37. Ne2 Bf2 38. Nc1 Bd4 39. Nb3 Bc3 40.
Na5 Kc7 41. Kxa7 Bxb4 42. Nb3 e5 43. Ka6 h4 44. Ka7 1/2-1/2

[Event "Copa Internacional SP"]
[Site "São Paulo"]
[Date "2007.12.01"]
[Round "3"]
[White "Ofenheim, Alexandre"]
[Black "De Albuquerque, Marcelo"]
[Result "1-0"]
[WhiteElo "1994"]
[BlackElo "2033"]
[PlyCount "83"]
[EventDate "2007.11.29"]
[SourceDate "2007.11.30"]

1. e4 c5 2. Nc3 Nc6 3. g3 g6 4. Bg2 Bg7 5. a3 e6 6. Nge2 Nge7 7. d3 O-O 8. O-O
d5 9. exd5 exd5 10. Nf4 d4 11. Ncd5 Nf5 12. Re1 g5 13. g4 Nh4 14. Nh5 Nxg2 15.
Kxg2 Qxd5+ 16. Kg1 Ne5 17. Re4 f5 18. gxf5 Bxf5 19. Nxg7 Kxg7 20. Rxe5 Qxe5 21.
Bxg5 h5 22. Qf3 Be4 23. Qxh5 Bg6 24. Bh6+ Kf6 25. Bg7+ Kxg7 26. Qxe5+ Kh7 27.
Qxc5 Rac8 28. Qxa7 Rxc2 29. Qxd4 Rd2 30. Qh4+ Kg7 31. Re1 Rf7 32. Re7 Rdxf2 33.
Qxf2 Rxe7 34. Qd4+ Kf7 35. Qd5+ Kf6 36. Qd6+ Kf7 37. d4 Bf5 38. Qf4 Kg6 39. d5
Rd7 40. Qe5 Rh7 41. d6 Rh3 42. d7 1-0

[Event "Copa Internacional SP"]
[Site "São Paulo"]
[Date "2007.12.01"]
[Round "3"]
[White "Cirilo, Guilherme"]
[Black "De Oliveira, Francemir Barra"]
[Result "0-1"]
[WhiteElo "1976"]
[BlackElo "2009"]
[PlyCount "154"]
[EventDate "2007.11.29"]
[SourceDate "2007.11.30"]

1. Nf3 Nf6 2. b3 d6 3. d4 Bg4 4. Nbd2 Nbd7 5. e3 c6 6. Be2 e6 7. Bb2 Be7 8. c4
Qc7 9. O-O O-O 10. h3 Bh5 11. Bd3 Rad8 12. Qc2 e5 13. dxe5 dxe5 14. Ng5 h6 15.
Nge4 Nxe4 16. Bxe4 Nc5 17. Bf5 Qd6 18. Ne4 Nxe4 19. Bxe4 f6 20. g4 Bf7 21. Rfd1
Qc7 22. Bf5 Rd6 23. Rxd6 Bxd6 24. Rd1 Rd8 25. Kg2 Qe7 26. Kf1 Bb4 27. Rxd8+
Qxd8 28. Ke2 Qe8 29. Qd1 g6 30. Bc2 Qc8 31. a3 Be7 32. Qd3 Qe6 33. Qe4 Kg7 34.
h4 Bd6 35. h5 f5 36. gxf5 gxf5 37. Qxf5 Qxf5 38. Bxf5 Bxh5+ 39. Kd3 Kf6 40. Ke4
Bf3+ 41. Kxf3 Kxf5 42. e4+ Kg5 43. Bc1+ Kh5 44. Kg3 Be7 45. Be3 Bxa3 46. Bxa7
Bc1 47. Bb8 Bf4+ 48. Kh3 Kg5 49. f3 Kf6 50. Kg4 Ke6 51. Kh5 Be3 52. Kg6 b5 53.
cxb5 cxb5 54. Bc7 Bf4 55. Bb6 Kd6 56. b4 Bg5 57. Bc5+ Ke6 58. Bf8 Bd2 59. Kh5
Kf7 60. Bxh6 Bxb4 61. Bc1 Bc3 62. Kg5 b4 63. f4 b3 64. fxe5 Bd2+ 65. Bxd2 b2
66. Kf5 b1=Q 67. e6+ Ke8 68. Bg5 Qc2 69. e7 Kf7 70. Ke5 Qh2+ 71. Kd5 Qh5 72. e5
Qxg5 73. e8=Q+ Kxe8 74. Kd6 Qe7+ 75. Kd5 Kd7 76. Ke4 Qe6 77. Kd4 Kc6 0-1

[Event "Copa Internacional SP"]
[Site "São Paulo"]
[Date "2007.12.01"]
[Round "3"]
[White "Rodarte, Bruno Anderson Lima"]
[Black "Leal, Paulo Donizete"]
[Result "1-0"]
[WhiteElo "2004"]
[BlackElo "1990"]
[PlyCount "87"]
[EventDate "2007.11.29"]
[SourceDate "2007.11.30"]

1. e4 c5 2. Nf3 d6 3. d4 cxd4 4. Nxd4 Nf6 5. Nc3 a6 6. Be3 e5 7. Nf3 Be7 8. h3
b5 9. Bd3 Bb7 10. Qe2 Nbd7 11. a3 Rc8 12. O-O Nc5 13. Rfd1 Ncxe4 14. Nxe4 Nxe4
15. Nxe5 Nc5 16. Qh5 Rf8 17. Bxh7 Qc7 18. Nxf7 Rxf7 19. Bg6 Bf6 20. Bxc5 Qxc5
21. Bxf7+ Kf8 22. Bd5 Bxd5 23. Rxd5 Qxc2 24. Rxd6 Qxb2 25. Rad1 Rc1 26. Rxa6
Rxd1+ 27. Qxd1 Bd4 28. Qf3+ Bf6 29. Ra7 Qa1+ 30. Kh2 Qe5+ 31. g3 Kg8 32. Qb3+
Kh7 33. Qc2+ Kg8 34. Qg6 Qb8 35. Qf7+ Kh8 36. Rb7 Qe5 37. Qg6 Kg8 38. Rf7 Qd4
39. Rxf6 Qxf6 40. Qxf6 gxf6 41. Kg2 Kf7 42. f4 Ke6 43. h4 Kd5 44. h5 1-0

[Event "Copa Internacional SP"]
[Site "São Paulo"]
[Date "2007.12.01"]
[Round "3"]
[White "Nobre, Jailson"]
[Black "Moreira, Altair"]
[Result "0-1"]
[WhiteElo "2000"]
[BlackElo "2011"]
[PlyCount "92"]
[EventDate "2007.11.29"]
[SourceDate "2007.11.30"]

1. c4 e5 2. Nc3 f5 3. d3 Nf6 4. e3 d6 5. Nge2 Be6 6. b3 Be7 7. d4 Nbd7 8. g3 c6
9. Bg2 O-O 10. O-O Qe8 11. d5 cxd5 12. Nxd5 Rb8 13. Nxe7+ Qxe7 14. Nc3 a6 15.
Qe2 Nc5 16. Bb2 e4 17. Rad1 Nd3 18. Rxd3 exd3 19. Qxd3 Rbd8 20. Rd1 Rd7 21. Ba3
Rfd8 22. Nd5 Nxd5 23. Bxd5 Bxd5 24. Qxd5+ Qf7 25. Kg2 Qxd5+ 26. Rxd5 g6 27. Kf3
Kf7 28. Kf4 h6 29. h4 Ke6 30. e4 fxe4 31. Kxe4 Rf8 32. f3 Rf5 33. g4 Rxd5 34.
cxd5+ Kf6 35. Bc1 h5 36. Bb2+ Kf7 37. gxh5 gxh5 38. f4 Re7+ 39. Kf3 Re1 40. Ba3
Rd1 41. Bxd6 Rxd5 42. Be5 Rd2 43. f5 Rxa2 44. Kf4 Rg2 45. Kf3 Rg4 46. Bg3 Kf6
0-1

[Event "Copa Internacional SP"]
[Site "São Paulo"]
[Date "2007.12.01"]
[Round "3"]
[White "van Riemsdijk, Felipe"]
[Black "Calixto, Roberto Carlos"]
[Result "0-1"]
[WhiteElo "1987"]
[BlackElo "2020"]
[PlyCount "42"]
[EventDate "2007.11.29"]
[SourceDate "2007.11.30"]

1. e4 c5 2. Nc3 Nc6 3. f4 e6 4. g3 d5 5. d3 d4 6. Nce2 f5 7. Bg2 Nf6 8. e5 Nd5
9. Nf3 Be7 10. O-O h5 11. h4 O-O 12. c3 Qb6 13. Kh2 Rd8 14. Neg1 dxc3 15. Ng5
cxb2 16. Qxh5 Bxg5 17. hxg5 bxc1=Q 18. g6 Nce7 19. Nf3 Kf8 20. Qh8+ Ng8 21. Ng5
Nde7 0-1

[Event "Copa Internacional SP"]
[Site "São Paulo"]
[Date "2007.12.01"]
[Round "3"]
[White "Da Silva, Wagner"]
[Black "Awoki, Daniel Teidi"]
[Result "0-1"]
[WhiteElo "2022"]
[BlackElo "2040"]
[PlyCount "122"]
[EventDate "2007.11.29"]
[SourceDate "2007.11.30"]

1. e4 c5 2. Nf3 d6 3. d4 cxd4 4. Nxd4 Nf6 5. Nc3 e6 6. Be3 Be7 7. Be2 b6 8. Bf3
e5 9. Nf5 O-O 10. Nxe7+ Qxe7 11. g4 Bb7 12. g5 Nfd7 13. Nb5 Nc5 14. Qxd6 Qxd6
15. Nxd6 Ba6 16. Bxc5 bxc5 17. Be2 Bxe2 18. Kxe2 Nc6 19. c3 Na5 20. Rhd1 f6 21.
gxf6 Rxf6 22. Rd5 Nc6 23. Rad1 Rd8 24. Nc4 Rdf8 25. Rf1 Rf4 26. Rxc5 R8f6 27.
f3 Rh4 28. Nxe5 Nxe5 29. Rxe5 Rxh2+ 30. Rf2 Rfh6 31. Rg5 Rh1 32. Rfg2 g6 33.
Ra5 Rb1 34. Ke3 Re1+ 35. Kf4 Rh4+ 36. Rg4 Rh2 37. Rxa7 Rxb2 38. Rg5 Rb8 39. Rd5
Rf8+ 40. Ke5 Re8+ 41. Kd6 Rf1 42. e5 Rxf3 43. Kd7 Ref8 44. Ra3 R8f7+ 45. Ke6 h5
46. Rd8+ Kg7 47. Rd7 Rxd7 48. Kxd7 Rd3+ 49. Ke7 h4 50. e6 h3 51. Ra4 g5 52. Rg4
h2 53. Rxg5+ Kh6 54. Rg8 Kh7 55. Rf8 h1=Q 56. Rf7+ Kg6 57. Rf6+ Kg5 58. Rf7
Qb7+ 59. Kf8 Qc8+ 60. Kg7 Qxe6 61. a4 Qh6+ 0-1

[Event "Copa Internacional SP"]
[Site "São Paulo"]
[Date "2007.12.01"]
[Round "3"]
[White "Nobre, Jose Adalberto"]
[Black "Da Silva, Josimar Ribeiro"]
[Result "0-1"]
[WhiteElo "1937"]
[BlackElo "1988"]
[PlyCount "44"]
[EventDate "2007.11.29"]
[SourceDate "2007.11.30"]

1. e4 c5 2. Nc3 e6 3. f4 d5 4. exd5 exd5 5. Nf3 Nf6 6. Bb5+ Bd7 7. Qe2+ Be7 8.
Ne5 O-O 9. Nxd7 Nbxd7 10. O-O Re8 11. Qf3 h6 12. Bxd7 Qxd7 13. d3 d4 14. Nd1
Nd5 15. Nf2 Bf6 16. Ng4 Re7 17. Bd2 Rae8 18. Rae1 Ne3 19. Nxf6+ gxf6 20. f5
Nxf1 21. Bxh6 Kh8 22. Rxe7 Qxe7 0-1

[Event "Copa Internacional SP"]
[Site "São Paulo"]
[Date "2007.12.01"]
[Round "3"]
[White "Araujo, Carolina Morais"]
[Black "Santana, Expedito"]
[Result "1-0"]
[WhiteElo "2085"]
[BlackElo "1938"]
[PlyCount "59"]
[EventDate "2007.11.29"]
[SourceDate "2007.11.30"]

1. e4 d5 2. exd5 Qxd5 3. Nc3 Qa5 4. d4 c6 5. Bc4 Nf6 6. Nf3 Bg4 7. Bd2 Qc7 8.
h3 Bh5 9. g4 Bg6 10. Ne5 e6 11. Qe2 Be7 12. h4 h6 13. Nxg6 fxg6 14. Qxe6 Qd6
15. Qc8+ Qd8 16. Qe6 Qxd4 17. Qf7+ Kd8 18. O-O-O Nbd7 19. Bg5 Qxg4 20. Be6 hxg5
21. Bxg4 Nxg4 22. Qe6 Ngf6 23. hxg5 Rxh1 24. Rxh1 Ne8 25. f4 Nf8 26. Rd1+ Bd6
27. Qf7 Nd7 28. Ne4 Kc7 29. Nxd6 Nxd6 30. Qe6 1-0

[Event "Copa Internacional SP"]
[Site "São Paulo"]
[Date "2007.12.01"]
[Round "4"]
[White "Mekhitarian, Krikor"]
[Black "Calcado, Acyr"]
[Result "1-0"]
[WhiteElo "2402"]
[BlackElo "2235"]
[PlyCount "123"]
[EventDate "2007.11.29"]
[SourceDate "2007.11.30"]

1. e4 e5 2. Nf3 Nc6 3. Bb5 a6 4. Ba4 b5 5. Bb3 Na5 6. O-O d6 7. d4 Nxb3 8. axb3
f6 9. Nc3 Bb7 10. Qd3 Ne7 11. Be3 Qd7 12. Nd2 Ng6 13. f4 exf4 14. Bxf4 Be7 15.
Bg3 O-O 16. Rf5 Rae8 17. Nd5 Bd8 18. c4 c6 19. Ne3 Bb6 20. Rf3 Bc8 21. b4 Ne7
22. b3 Rd8 23. Qc3 f5 24. Raf1 fxe4 25. Rxf8+ Rxf8 26. Rxf8+ Kxf8 27. Nxe4 d5
28. Nd6 dxc4 29. bxc4 Bc7 30. c5 Bxd6 31. Bxd6 Qe6 32. Qd3 Kg8 33. Bxe7 Qxe7
34. d5 cxd5 35. Qxd5+ Qe6 36. Qxe6+ Bxe6 37. Kf2 Kf7 38. Kf3 Bc8 39. Ke4 Ke6
40. g3 Bb7+ 41. Kd4 Bc6 42. h4 Bf3 43. Nc2 Bb7 44. Ne3 Bf3 45. g4 h6 46. g5
hxg5 47. hxg5 g6 48. Nc2 Kf5 49. Ne3+ Kxg5 50. Nd5 Kf5 51. Ne7+ Kf6 52. Nd5+
Ke6 53. Nf4+ Kf7 54. Ke5 g5 55. Ne6 g4 56. c6 Ke7 57. Nd4 Bh1 58. Nf5+ Kd8 59.
Kd6 Bxc6 60. Kxc6 a5 61. bxa5 b4 62. a6 1-0

[Event "Copa Internacional SP"]
[Site "São Paulo"]
[Date "2007.12.01"]
[Round "4"]
[White "Schutt, Ricardo"]
[Black "Oliveira, Silvio"]
[Result "0-1"]
[WhiteElo "2175"]
[BlackElo "2303"]
[PlyCount "72"]
[EventDate "2007.11.29"]
[SourceDate "2007.11.30"]

1. e4 c5 2. Nf3 d6 3. d4 cxd4 4. Nxd4 Nf6 5. Nc3 Nc6 6. Bc4 e6 7. Bb3 Be7 8.
Be3 a6 9. f4 O-O 10. O-O Nxd4 11. Bxd4 b5 12. a3 Bb7 13. Qe2 Rc8 14. f5 e5 15.
Bf2 Rxc3 16. bxc3 Nxe4 17. c4 bxc4 18. Bxc4 Nxf2 19. Qxf2 d5 20. Bb3 e4 21.
Rad1 Qa5 22. Qd2 Qc5+ 23. Kh1 e3 24. Qd3 Bf6 25. Bxd5 Bxd5 26. Qxd5 Qxd5 27.
Rxd5 Bc3 28. Kg1 e2 29. Rd6 exf1=Q+ 30. Kxf1 a5 31. Rc6 Be5 32. h3 h5 33. Rc5
Re8 34. g4 f6 35. Rxa5 Rc8 36. g5 Bc3 0-1

[Event "Copa Internacional SP"]
[Site "São Paulo"]
[Date "2007.12.01"]
[Round "4"]
[White "Cordeiro, Marco Aurelio"]
[Black "van Riemsdijk, Herman Claudius"]
[Result "1/2-1/2"]
[WhiteElo "2159"]
[BlackElo "2421"]
[PlyCount "77"]
[EventDate "2007.11.29"]
[SourceDate "2007.11.30"]

1. e4 e5 2. Nf3 Nc6 3. Bb5 a6 4. Ba4 Nf6 5. Bxc6 dxc6 6. O-O Be7 7. Re1 Nd7 8.
c3 c5 9. d3 O-O 10. Nbd2 f6 11. Nf1 Rf7 12. Ng3 g6 13. Be3 Nf8 14. h3 Ne6 15.
Ne2 Qe8 16. Qc2 Bd7 17. Rad1 Ba4 18. b3 Bd7 19. Nd2 Bd6 20. Nc4 b5 21. Nxd6
cxd6 22. d4 Rc8 23. dxe5 dxe5 24. Rd6 Rc6 25. Rd5 Rc7 26. f4 Bc6 27. fxe5 fxe5
28. Rdd1 Qe7 29. Rf1 Qh4 30. Bf2 Qxe4 31. Qxe4 Bxe4 32. Ng3 Bb7 33. Rfe1 Rfd7
34. Rxd7 Rxd7 35. Rxe5 Nf4 36. Bxc5 Rd1+ 37. Kh2 Bc6 38. Ne4 Nd3 39. Nf2
1/2-1/2

[Event "Copa Internacional SP"]
[Site "São Paulo"]
[Date "2007.12.01"]
[Round "4"]
[White "Perdomo, Leandro"]
[Black "Da Silva, Alessandro Rodrigue"]
[Result "1-0"]
[WhiteElo "2395"]
[BlackElo "2223"]
[PlyCount "75"]
[EventDate "2007.11.29"]
[SourceDate "2007.11.30"]

1. d4 d5 2. c4 e5 3. dxe5 d4 4. a3 a5 5. e3 Bc5 6. Nf3 Nc6 7. Be2 Bf5 8. exd4
Bxd4 9. O-O Nge7 10. Nxd4 Qxd4 11. Nc3 Qxe5 12. Be3 O-O 13. Qa4 Rfd8 14. Rad1
Nd4 15. Bxd4 Rxd4 16. Rxd4 Qxd4 17. Rd1 Qb6 18. Qb5 Qa7 19. Qe5 Be6 20. Qxc7
Nc6 21. Bf3 Qb8 22. Qxb8+ Rxb8 23. c5 Kf8 24. Rd6 Ne5 25. Be2 Rc8 26. Rb6 Rc7
27. b4 axb4 28. axb4 Ke7 29. Nb5 Rd7 30. Nd6 Bd5 31. f4 Nc6 32. Bg4 Rc7 33. Nb5
Kd8 34. Nxc7 Kxc7 35. b5 Nd8 36. Rd6 Be6 37. b6+ Kc8 38. f5 1-0

[Event "Copa Internacional SP"]
[Site "São Paulo"]
[Date "2007.12.01"]
[Round "4"]
[White "Hengles, Roberto Carlos"]
[Black "Tsuboi, Edson"]
[Result "0-1"]
[WhiteElo "2058"]
[BlackElo "2334"]
[PlyCount "64"]
[EventDate "2007.11.29"]
[SourceDate "2007.11.30"]

1. e4 c5 2. Nf3 Nc6 3. d4 cxd4 4. Nxd4 e6 5. Bc4 a6 6. a3 Nf6 7. Nc3 Qc7 8. Ba2
Nxd4 9. Qxd4 Bc5 10. Qd1 b5 11. O-O Bb7 12. Qe2 Bd4 13. Bd2 Bxc3 14. Bxc3 Nxe4
15. Bd4 O-O 16. f3 Nd6 17. Rad1 Nf5 18. Bf2 Ne7 19. c3 Bd5 20. Bb1 f5 21. Kh1
Rae8 22. Rfe1 Bb3 23. Bc2 Bxc2 24. Qxc2 Nd5 25. Qd2 Rc8 26. Bd4 Rf7 27. Re5 a5
28. Rxd5 exd5 29. b4 a4 30. Re1 h6 31. h3 Qc4 32. Qc2 Qxd4 0-1

[Event "Copa Internacional SP"]
[Site "São Paulo"]
[Date "2007.12.01"]
[Round "4"]
[White "Segal, Alexandru Sorin"]
[Black "Bueno, Alfeu"]
[Result "1/2-1/2"]
[WhiteElo "2364"]
[BlackElo "2201"]
[PlyCount "74"]
[EventDate "2007.11.29"]
[SourceDate "2007.11.30"]

1. d4 e6 2. Nf3 f5 3. g3 b6 4. Bg2 Bb7 5. O-O Nf6 6. Nc3 Bb4 7. Bd2 O-O 8. a3
Bxc3 9. Bxc3 d6 10. Bd2 Qe8 11. Ng5 Bxg2 12. Kxg2 Nbd7 13. f3 h6 14. Nh3 e5 15.
dxe5 dxe5 16. Bb4 c5 17. Bc3 Qe6 18. Qd2 Nd5 19. e4 fxe4 20. fxe4 Nxc3 21. Qxc3
Nf6 22. Nf2 Rad8 23. b4 Qc6 24. Qc4+ Kh8 25. c3 Rd7 26. Kg1 b5 27. Qxc5 Qxc5
28. bxc5 Rc8 29. a4 a6 30. axb5 axb5 31. Rfd1 Rxd1+ 32. Rxd1 Rxc5 33. Rd8+ Kh7
34. Rb8 h5 35. Kf1 Rxc3 36. Rxb5 Kg6 37. Kg2 Rc2 1/2-1/2

[Event "Copa Internacional SP"]
[Site "São Paulo"]
[Date "2007.12.01"]
[Round "4"]
[White "Santos, Marcus Vinicius"]
[Black "Dias, Adriano"]
[Result "1-0"]
[WhiteElo "2362"]
[BlackElo "2098"]
[PlyCount "27"]
[EventDate "2007.11.29"]
[SourceDate "2007.11.30"]

1. d4 Nf6 2. c4 e5 3. dxe5 Ng4 4. Bf4 g5 5. Bg3 Bg7 6. Nf3 Nc6 7. Nc3 Ngxe5 8.
Nxe5 Nxe5 9. e3 d6 10. h4 g4 11. h5 f5 12. Nd5 Be6 13. Bh4 Qd7 14. h6 1-0

[Event "Copa Internacional SP"]
[Site "São Paulo"]
[Date "2007.12.01"]
[Round "4"]
[White "Jukemura, Leandro"]
[Black "Oliveira, Jefferson"]
[Result "1-0"]
[WhiteElo "2170"]
[BlackElo "2220"]
[PlyCount "55"]
[EventDate "2007.11.29"]
[SourceDate "2007.11.30"]

1. e4 c5 2. Nf3 d6 3. d4 cxd4 4. Qxd4 Nc6 5. Bb5 Bd7 6. Bxc6 Bxc6 7. Nc3 Nf6 8.
Bg5 e6 9. O-O-O Be7 10. Rhe1 O-O 11. Qd2 Qc7 12. Nd4 Rfd8 13. f3 Be8 14. Kb1
Rab8 15. g4 b5 16. h4 b4 17. Nce2 a5 18. Ng3 a4 19. Rc1 Rdc8 20. Nh5 Nxh5 21.
gxh5 f6 22. Bh6 Qc5 23. Rg1 g6 24. hxg6 hxg6 25. h5 g5 26. f4 a3 27. fxg5 Kh8
28. Bg7+ 1-0

[Event "Copa Internacional SP"]
[Site "São Paulo"]
[Date "2007.12.01"]
[Round "4"]
[White "Aranha Filho, Alvaro Z"]
[Black "Carvalho Jr, Celestino"]
[Result "1-0"]
[WhiteElo "2349"]
[BlackElo "2009"]
[PlyCount "83"]
[EventDate "2007.11.29"]
[SourceDate "2007.11.30"]

1. d4 Nf6 2. c4 d6 3. Nc3 e5 4. Nf3 exd4 5. Nxd4 g6 6. e4 Bg7 7. Be2 O-O 8. O-O
Re8 9. f3 Nbd7 10. Be3 Nc5 11. Qd2 a5 12. Rfd1 Be6 13. Nxe6 Nxe6 14. f4 Qc8 15.
Bf3 Nd8 16. Rac1 Nc6 17. Qe2 h5 18. c5 dxc5 19. e5 Nd4 20. Bxd4 cxd4 21. Nb5
Re7 22. Nd6 cxd6 23. Rxc8+ Rxc8 24. Qb5 dxe5 25. fxe5 Ng4 26. e6 Rxe6 27. Qxb7
Rce8 28. g3 R6e7 29. Qb5 Re5 30. Qb7 Bh6 31. h3 Be3+ 32. Kg2 Nh6 33. Bc6 R8e7
34. Qa8+ Kg7 35. Bd5 Rc7 36. Bb3 Rf5 37. Qe4 Rf2+ 38. Kh1 Nf5 39. Qe5+ Kh7 40.
Qxc7 h4 41. Qxf7+ Ng7 42. Qg8+ 1-0

[Event "Copa Internacional SP"]
[Site "São Paulo"]
[Date "2007.12.01"]
[Round "4"]
[White "Shiroma, Silvio Haruo"]
[Black "Lopes, Marcelo"]
[Result "1/2-1/2"]
[WhiteElo "2207"]
[BlackElo "2053"]
[PlyCount "60"]
[EventDate "2007.11.29"]
[SourceDate "2007.11.30"]

1. e4 e6 2. d4 d5 3. Nd2 dxe4 4. Nxe4 Nf6 5. Bg5 Be7 6. Bxf6 Bxf6 7. Nf3 Nd7 8.
Qd2 O-O 9. O-O-O Be7 10. Bc4 Nf6 11. Qe2 c6 12. Ne5 Qc7 13. c3 b6 14. f4 Bb7
15. Ng5 Nd5 16. g3 c5 17. Kb1 cxd4 18. cxd4 h6 19. Nh3 b5 20. Bxb5 Nc3+ 21.
bxc3 Bxh1 22. Rxh1 Rab8 23. Kc2 Rfc8 24. Nc6 Ba3 25. Qc4 Qb6 26. Kd3 a6 27. Ba4
Qb2 28. Bc2 Rb6 29. Ne7+ Bxe7 30. Qxc8+ Kh7 1/2-1/2

[Event "Copa Internacional SP"]
[Site "São Paulo"]
[Date "2007.12.01"]
[Round "4"]
[White "Araujo, Rafael Moreira"]
[Black "Abdalla, Luiz Guilherme Aure"]
[Result "1-0"]
[WhiteElo "2150"]
[BlackElo "2100"]
[PlyCount "62"]
[EventDate "2007.11.29"]
[SourceDate "2007.11.30"]

1. d4 d5 2. c4 c6 3. Nf3 Nf6 4. Nc3 e6 5. g3 Nbd7 6. Bg2 Be7 7. O-O dxc4 8. Nd2
Nb6 9. e3 O-O 10. Qe2 c5 11. dxc5 Bxc5 12. Nxc4 Nxc4 13. Qxc4 Qe7 14. e4 e5 15.
Bg5 Qc7 16. Qe2 Bg4 17. Bf3 Be6 18. Bxf6 Bc4 19. Qd2 gxf6 20. Qh6 Rfd8 21. Nd5
Bxd5 22. exd5 Bf8 23. Qxf6 Bg7 24. Qf5 Qd7 25. Qxd7 Rxd7 26. Be4 Bh6 27. Rad1
Rd6 28. Rd3 Rc8 29. Re1 Rc5 30. Rb3 Kg7 31. Kg2 Rc7 1-0

[Event "Copa Internacional SP"]
[Site "São Paulo"]
[Date "2007.12.01"]
[Round "4"]
[White "Barbosa, Fernando"]
[Black "Valente, Rodrigo"]
[Result "1-0"]
[WhiteElo "2095"]
[BlackElo "2140"]
[PlyCount "45"]
[EventDate "2007.11.29"]
[SourceDate "2007.11.30"]

1. e4 d6 2. d4 Nf6 3. Nc3 c6 4. Nf3 Bg4 5. Be2 Qa5 6. O-O e5 7. Be3 Nbd7 8. Re1
Be7 9. h3 Bxf3 10. Bxf3 O-O 11. Qd2 Qc7 12. Rad1 b5 13. Ne2 Nb6 14. b3 Rfd8 15.
Ng3 d5 16. Qc1 dxe4 17. Nxe4 Nbd5 18. c4 Nxe3 19. Qxe3 Rxd4 20. Nxf6+ Kf8 21.
Nxh7+ Kg8 22. Rxd4 Bc5 23. Nf6+ 1-0